Spotlight on Africa (Record no. 115632)

MARC details
000 -LEADER
fixed length control field 01427cam a22002295a 4500
001 - CONTROL NUMBER
control field L159027
008 - FIXED-LENGTH DATA ELEMENTS--GENERAL INFORMATION
fixed length control field 150226s2015 xxk f 000 0 eng d
035 ## - SYSTEM CONTROL NUMBER
System control number (Sirsi) u159027
041 0# - LANGUAGE CODE
Language code of text/sound track or separate title eng
110 2# - MAIN ENTRY--CORPORATE NAME
Corporate name or jurisdiction name as entry element Jones Lang LaSalle
9 (RLIN) 3755
245 00 - TITLE STATEMENT
Title Spotlight on Africa
Remainder of title Opportunity on the horizon
-- An overview of the hotel real estate sector in Africa
Medium [electronic resource]
260 ## - PUBLICATION, DISTRIBUTION, ETC.
Place of publication, distribution, etc. Johannesburg
Name of publisher, distributor, etc. JLL
Date of publication, distribution, etc. 2015
520 ## - SUMMARY, ETC.
Summary, etc. Outlines the changing narrative on the investment potential in Africa. Many sectors in the African economy are seeing high growth in investment from global corporates, institutional investors and private equity. The drivers for this change in sentiment are sustained economic growth, increased stability, favourable demographics and improving infrastructure. Global hotel real estate capital has been cautious in flowing into Africa due to perceived high risk and limited investment scale. Despite this cautious approach, hotel supply on the continent has grown by 4.1% annually during the past 10 years, which has been driven primarily by local and regional developers.
590 ## - LOCAL NOTE (RLIN)
Local note KA
650 24 - SUBJECT ADDED ENTRY--TOPICAL TERM
Topical term or geographic name entry element HOTELS
650 24 - SUBJECT ADDED ENTRY--TOPICAL TERM
Topical term or geographic name entry element INVESTMENT GROWTH
650 24 - SUBJECT ADDED ENTRY--TOPICAL TERM
Topical term or geographic name entry element HOTEL INVESTMENT
651 #4 - SUBJECT ADDED ENTRY--GEOGRAPHIC NAME
Geographic name Africa
690 ## - LOCAL SUBJECT ADDED ENTRY--TOPICAL TERM (OCLC, RLIN)
Topical term or geographic name as entry element Commercial property
9 (RLIN) 6227
856 40 - ELECTRONIC LOCATION AND ACCESS
Uniform Resource Identifier <a href="https://www.africa.jll.com/africa/en-gb/research/129/Spotlight-on-Africa">https://www.africa.jll.com/africa/en-gb/research/129/Spotlight-on-Africa</a>
Public note View the item free of charge from www.africa.jll.com
942 ## - ADDED ENTRY ELEMENTS (KOHA)
Suppress in OPAC 0
Holdings
Withdrawn status Lost status Source of classification or shelving scheme Damaged status Not for loan Home library Current library Shelving location Date acquired Total Checkouts Full call number Barcode Date last seen Copy number Price effective from Koha item type
    Dewey Decimal Classification     Virtual Virtual Online 10/12/2015   ONLINE PUBLICATION 159027-2001 06/08/2019 1 06/08/2019 Book